[Event "POL-chT3 Wielkopolskie 1516"]
[Site "Poland"]
[Date "2016.02.07"]
[Round "4.17"]
[White "Wisniewski, Emil"]
[Black "Tomaszewski, Robert"]
[Result "0-1"]
[WhiteElo "1825"]
[BlackElo "1623"]
[PlyCount "50"]
[EventDate "2016.01.10"]
[EventType "team-tourn"]
[EventRounds "11"]
[EventCountry "POL"]
[SourceTitle "EXT 2019"]
[Source "ChessBase"]
[SourceDate "2018.10.10"]
[SourceVersion "1"]
[SourceVersionDate "2018.10.10"]
[SourceQuality "1"]

1. e4 c5 2. Nc3 Nc6 3. f4 e6 4. Nf3 d5 5. e5 Nh6 6. Bb5 a6 7. Bxc6+ bxc6 8. d4 cxd4 9. Nxd4 Bb7 10. 0-0 Qb6 11. Kh1 c5 12. Nf3 Be7 13. Ne2 Nf5 14. c3 Qc6 15. Qe1 d4 16. cxd4 cxd4 17. Bd2 0-0 18. Qf2 Rfd8 19. Rac1 Qd5 20. Rc7 Rd7 21. Rxd7 Qxd7 22. Rc1 Qd5 23. Rc7 Bc5 24. Nc3 dxc3 25. Rxc5 cxb2 0-1

[Event "POL-chT3 Wielkopolskie 1415"]
[Site "Poland"]
[Date "2015.02.01"]
[Round "6.28"]
[White "Wisniewski, Emil"]
[Black "Tomaszewski, Robert"]
[Result "1-0"]
[WhiteElo "1819"]
[BlackElo "1703"]
[PlyCount "95"]
[EventDate "2014.11.30"]
[EventType "team-tourn"]
[EventRounds "11"]
[EventCountry "POL"]
[SourceTitle "EXT 2019"]
[Source "ChessBase"]
[SourceDate "2018.10.10"]
[SourceVersion "1"]
[SourceVersionDate "2018.10.10"]
[SourceQuality "1"]

1. e4 c5 2. Nc3 a6 3. f4 e6 4. Nf3 Nc6 5. g3 b5 6. Bg2 Bb7 7. 0-0 Qb6 8. d3 Nf6 9. b3 Be7 10. Bb2 0-0 11. e5 Ng4 12. Qd2 Rfd8 13. h3 Nh6 14. g4 d5 15. Rae1 Rac8 16. Ne2 d4 17. f5 f6 18. exf6 Bxf6 19. g5 Bxg5 20. Nxg5 Nxf5 21. Nxe6 Ne3 22. Nxd8 Nxd8 23. Bxb7 Qg6+ 24. Kh1 Nxb7 25. Nf4 Qc6+ 26. Kh2 Re8 27. Rxe3 Rxe3 28. Qg2 Qc7 29. Qd5+ Kh8 30. Qf5 h6 31. Kg2 Nd6 32. Ng6+ Kg8 33. Qd5+ Nf7 34. Qa8+ Nd8 35. Rf3 Re2+ 36. Rf2 Re3 37. Rf8+ Kh7 38. Nf4 g5 39. Qxd8 Qxd8 40. Rxd8 gxf4 41. Rc8 Re2+ 42. Kf3 Rxc2 43. Bxd4 Rxa2 44. Bxc5 Rb2 45. b4 Rh2 46. Kxf4 Rxh3 47. d4 h5 48. Rc7+ 1-0

[Event "POL-chT 3rd League Wielkopolska 12/13"]
[Site "Poznan"]
[Date "2013.02.24"]
[Round "8.4"]
[White "Tomaszewski, Robert"]
[Black "Nawrocki, Marek"]
[Result "0-1"]
[WhiteElo "1762"]
[BlackElo "1546"]
[PlyCount "82"]
[EventDate "2012.11.25"]
[EventType "team-tourn"]
[EventRounds "11"]
[EventCountry "POL"]
[SourceTitle "EXT 2014"]
[Source "ChessBase"]
[SourceDate "2013.11.20"]
[SourceVersion "1"]
[SourceVersionDate "2013.11.20"]
[SourceQuality "1"]
[WhiteTeam "Jarocin JKSW"]
[BlackTeam "Gniezno LKS Chrobry II"]
[WhiteTeamCountry "POL"]
[BlackTeamCountry "POL"]

1. d4 Nf6 2. c4 d5 3. cxd5 Nxd5 4. e4 Nf6 5. Bd3 Nc6 6. Ne2 g6 7. 0-0 Bg7 8. f4 0-0 9. Be3 Ng4 10. Bc1 Bxd4+ 11. Kh1 Nf2+ 12. Rxf2 Bxf2 13. a3 Nd4 14. Nbc3 Nb3 15. Rb1 Nc5 16. Bc2 Qxd1+ 17. Nxd1 Bh4 18. b4 Nd7 19. e5 e6 20. Rb3 Nb6 21. g3 Be7 22. Ne3 Nd5 23. Ng4 b6 24. h4 h5 25. Nf2 Bb7 26. Kg2 Rfd8 27. Kh3 Kg7 28. Ne4 Rac8 29. Ng1 c5 30. b5 Nc7 31. Ng5 c4 32. Rb1 Nd5 33. Ne4 f5 34. exf6+ Nxf6 35. Ng5 Bd5 36. N1f3 Ng4 37. a4 Re8 38. Nd4 Bf6 39. Ndf3 e5 40. f5 e4 41. Nd4 Bxd4 0-1

[Event "POL-chT3 2010/11"]
[Site "Wielkopolska"]
[Date "2011.03.28"]
[Round "8"]
[White "Tomaszewski, Robert"]
[Black "Kupsik, Joanna"]
[Result "1-0"]
[WhiteElo "1823"]
[BlackElo "1702"]
[PlyCount "89"]
[EventDate "2010.11.28"]
[EventType "team-tourn"]
[EventRounds "11"]
[EventCountry "POL"]
[SourceTitle "EXT 2019"]
[Source "ChessBase"]
[SourceDate "2018.10.10"]
[SourceVersion "1"]
[SourceVersionDate "2018.10.10"]
[SourceQuality "1"]
[WhiteTeam "Jarocin JKSW"]
[BlackTeam "Steszew Lipno"]
[WhiteTeamCountry "POL"]
[BlackTeamCountry "POL"]

1. d4 d5 2. c4 e6 3. cxd5 exd5 4. Nc3 Bf5 5. Qb3 b6 6. Qxd5 Qxd5 7. Nxd5 Bd6 8. Bf4 Bxf4 9. Nxf4 Nf6 10. e3 0-0 11. Bd3 Bd7 12. Rc1 c6 13. Nf3 Rc8 14. Ne5 g6 15. Bc4 Be8 16. 0-0 Nbd7 17. Ba6 Rc7 18. Rxc6 Rxc6 19. Nxc6 Nc5 20. Ne7+ Kf8 21. Nexg6+ hxg6 22. dxc5 bxc5 23. Rc1 Rd8 24. h3 Rd2 25. Rxc5 Rxb2 26. Ra5 Ne4 27. f3 Ng3 28. e4 Rb1+ 29. Kh2 Nf1+ 30. Bxf1 Rxf1 31. Rxa7 Ra1 32. Ra5 Bd7 33. Nd5 Be6 34. Kg3 Kg7 35. Ra7 g5 36. h4 gxh4+ 37. Kxh4 Rd1 38. Nf4 Bc4 39. a4 Rd2 40. Kg5 Ra2 41. a5 Rb2 42. Ra8 Ra2 43. Nh5+ Kh7 44. Nf6+ Kg7 45. Rg8# 1-0

[Event "POL-chT3 2010/11"]
[Site "Wielkopolska"]
[Date "2011.01.23"]
[Round "4"]
[White "Rupental, Janusz"]
[Black "Tomaszewski, Robert"]
[Result "1-0"]
[WhiteElo "1962"]
[BlackElo "1823"]
[PlyCount "63"]
[EventDate "2010.11.28"]
[EventType "team-tourn"]
[EventRounds "11"]
[EventCountry "POL"]
[SourceTitle "EXT 2019"]
[Source "ChessBase"]
[SourceDate "2018.10.10"]
[SourceVersion "1"]
[SourceVersionDate "2018.10.10"]
[SourceQuality "1"]
[WhiteTeam "Konin Hetman"]
[BlackTeam "Jarocin JKSW"]
[WhiteTeamCountry "POL"]
[BlackTeamCountry "POL"]

1. e4 c5 2. d4 cxd4 3. c3 dxc3 4. Nxc3 e6 5. Nf3 a6 6. Bc4 Nc6 7. 0-0 d6 8. Qe2 Be7 9. Rd1 Qc7 10. Bf4 b5 11. Bb3 Na5 12. Bc2 Bb7 13. Rac1 e5 14. Be3 Nf6 15. Bd3 Qb8 16. Bb6 Nc4 17. Bxc4 bxc4 18. Qxc4 Bxe4 19. Qa4+ Kf8 20. Nxe4 Qxb6 21. Rc6 Qxb2 22. Nxd6 Rd8 23. Nf5 Rxd1+ 24. Qxd1 Qb8 25. Qc1 Qb5 26. h3 h5 27. Nxe7 Kxe7 28. Qa3+ Kd8 29. Qd6+ Nd7 30. Rxa6 Qb1+ 31. Kh2 Qe4 32. Ra7 1-0

[Event "POL-chT4B 0910"]
[Site "Wielkoposka"]
[Date "2010.01.10"]
[Round "1"]
[White "Grabowski, Adam"]
[Black "Tomaszewski, Robert"]
[Result "0-1"]
[WhiteElo "1600"]
[BlackElo "1800"]
[PlyCount "54"]
[EventDate "2010.01.10"]
[EventType "team-tourn"]
[EventRounds "9"]
[EventCountry "POL"]
[SourceTitle "EXT 2019"]
[Source "ChessBase"]
[SourceDate "2018.10.10"]
[SourceVersion "1"]
[SourceVersionDate "2018.10.10"]
[SourceQuality "1"]
[WhiteTeam "Konin Hetman III"]
[BlackTeam "Jarocin JKSW"]
[WhiteTeamCountry "POL"]
[BlackTeamCountry "POL"]

1. d4 Nf6 2. Nf3 e6 3. e3 c5 4. c4 d5 5. Bd3 dxc4 6. Bxc4 Be7 7. 0-0 0-0 8. Nc3 cxd4 9. exd4 a6 10. Be3 b5 11. Bd3 Bb7 12. h3 Nbd7 13. Qe2 Nb6 14. Rac1 b4 15. Nb1 Nbd5 16. Bg5 h6 17. Bh4 Nf4 18. Qd1 Nxd3 19. Qxd3 Bxf3 20. gxf3 Nd5 21. Bxe7 Qxe7 22. Qe4 Rfc8 23. f4 Qh4 24. Qf3 Nxf4 25. Kh2 Nd5 26. Rg1 Rxc1 27. Rxc1 Qxd4 0-1